| 000 | 00448nam a2200181Ia 4500 | ||
|---|---|---|---|
| 003 | LK-CoDNM | ||
| 008 | 010623t1920 xxu||||| |||| 00| 1 sin d | ||
| 040 |
_aLK-CoDNM _dLK-CoDNM _eLK-CoDNM |
||
| 041 | _asin | ||
| 080 | _a104 J.15 | ||
| 100 |
_aDisanayake,D.B _eed. |
||
| 245 | _aසිරිපා සඟරා | ||
| 246 | _aSripa Magazine | ||
| 260 |
_bD.B.Disanayake _aColombo _c1920 |
||
| 300 | _b10p., 28 cm | ||
| 650 | _aFood | ||
| 942 | _cBK | ||
| 999 |
_c90354 _d90354 |
||